Democracy in the making : how activist groups form /

Kathleen M. Blee provides an in-depth look at modern grassroots activism, and reveals its simultaneous power and fragility. In the process, she examines the struggle between democratic vision and strategic reality that shapes each organisation's trajectory and determines its ultimate success or...

Full description

Bibliographic Details
Main Author: Blee, Kathleen M. (Author)
Format: eBook
Language:English
Published: New York : Oxford University Press, 2012.
Series:Oxford studies in culture & politics.
Subjects:
Online Access:Connect to the full text of this electronic book

MARC

Tag First Indicator Second Indicator Subfields
LEADER 00000cam a2200000 a 4500
001 in00005707913
005 20260318190322.5
006 m o d
007 cr cn|||||||||
008 110617s2012 nyu ob 001 0 eng d
040 |a E7B  |b eng  |e pn  |c E7B  |d OCLCQ  |d UAB  |d YDXCP  |d NUI  |d OCLCO  |d OCLCQ  |d WAU  |d OCLCF  |d N$T  |d CDX  |d OCLCO  |d OCLCQ  |d OCLCO  |d OCLCQ  |d A7U  |d OCL  |d OCLCQ  |d STBDS  |d UEJ  |d CUS  |d UUM  |d OCLCQ  |d YOU  |d OCLCQ  |d INARC  |d K6U  |d OCLCO  |d UKAHL  |d OCLCO  |d EBLCP  |d OCLCQ  |d SFB  |d OCLCQ  |d OCLCO  |d OCLCL  |d OCLCQ  |d OCLCL  |d OCLCQ  |d CLOUD  |d OCLCQ  |d OCLCO  |d OCLCQ  |d OCLCO 
019 |a 777267428 
020 |a 9780199930852  |q (electronic bk.) 
020 |a 0199930856  |q (electronic bk.) 
020 |a 9780199842773  |q (electronic bk.) 
020 |a 0199842779  |q (electronic bk.) 
020 |a 9781280595356  |q (MyiLibrary) 
020 |a 1280595353 
020 |z 9780199842766  |q (cloth ;  |q alk. paper) 
020 |z 0199842760  |q (cloth ;  |q alk. paper) 
035 |a (OCoLC)785781488  |z (OCoLC)777267428 
043 |a n-us-pa 
050 4 |a HM881  |b .B54 2012eb 
072 7 |a POL  |x 043000  |2 bisacsh 
082 0 4 |a 322.409748/86  |2 23 
049 |a TXAM 
100 1 |a Blee, Kathleen M.,  |e author.  |1 https://id.oclc.org/worldcat/entity/E39PCjKM8GcFgWHGVF3fp4HqKm 
245 1 0 |a Democracy in the making :  |b how activist groups form /  |c Kathleen M. Blee. 
264 1 |a New York :  |b Oxford University Press,  |c 2012. 
264 4 |c ©2012 
300 |a 1 online resource (x, 211 pages) 
336 |a text  |b txt  |2 rdacontent 
337 |a computer  |b c  |2 rdamedia 
338 |a online resource  |b cr  |2 rdacarrier 
490 1 |a Oxford studies in culture and politics 
504 |a Includes bibliographical references and index. 
505 0 |a Making democracy -- Theorizing the emergence of activism -- Who belongs? -- What's the problem? -- How should we treat each other? -- Lessons. 
520 8 |a Kathleen M. Blee provides an in-depth look at modern grassroots activism, and reveals its simultaneous power and fragility. In the process, she examines the struggle between democratic vision and strategic reality that shapes each organisation's trajectory and determines its ultimate success or failure. 
588 0 |a Print version record. 
650 0 |a Social movements  |z Pennsylvania  |z Pittsburgh  |x History  |y 21st century. 
650 0 |a Social change  |z Pennsylvania  |z Pittsburgh. 
650 0 |a Democracy  |z Pennsylvania  |z Pittsburgh. 
650 6 |a Mouvements sociaux  |z Pennsylvanie  |z Pittsburgh  |x Histoire  |y 21e siècle. 
650 6 |a Démocratie locale  |z Pennsylvanie  |z Pittsburgh. 
650 7 |a POLITICAL SCIENCE  |x Political Process  |x Political Advocacy.  |2 bisacsh 
650 7 |a Democracy  |2 fast 
650 7 |a Social change  |2 fast 
650 7 |a Social movements  |2 fast 
651 7 |a Pennsylvania  |z Pittsburgh  |2 fast  |1 https://id.oclc.org/worldcat/entity/E39PBJrrtrM7HC7dMVtFfCgYfq 
650 7 |a Soziale Bewegung.  |2 idszbz 
650 7 |a Demokratie.  |2 idszbz 
651 7 |a Pittsburgh.  |2 idszbz 
650 7 |a Participation politique  |z États-Unis.  |2 ram 
650 7 |a Changement social.  |2 ram 
650 7 |a Mouvements sociaux.  |2 ram 
650 7 |a Militantisme  |z États-Unis  |z Pennsylvanie (États-Unis)  |2 ram 
648 7 |a 2000-2099  |2 fast 
655 7 |a Electronic books.  |2 local 
655 7 |a History  |2 fast 
776 0 8 |i Print version:  |a Blee, Kathleen M.  |t Democracy in the making.  |d New York : Oxford University Press, ©2012  |z 9780199842766  |w (DLC) 2011025665  |w (OCoLC)732848059 
830 0 |a Oxford studies in culture & politics. 
856 4 0 |u http://proxy.library.tamu.edu/login?url=https://academic.oup.com/book/7065  |z Connect to the full text of this electronic book  |t 0 
955 |a Oxford Scholarship Online 
994 |a 92  |b TXA 
999 f f |i fe3e722a-89da-441a-8bc4-269455307802  |s 54363f03-fdbc-4d0c-8038-32459ea9d2ac  |t 0 
952 f f |a Texas A&M University  |b College Station  |c Electronic Resources  |s www_evans  |d Available Online  |t 0  |e HM881 .B54 2012eb  |h Library of Congress classification 
998 f f |a HM881 .B54 2012eb  |t 0  |l Available Online